| 000 | 00914nam a2200241Ia 4500 | ||
|---|---|---|---|
| 003 | OSt | ||
| 008 | 191128s1976 fr a gr 000 0 spa d | ||
| 020 | _a2040156542 | ||
| 040 |
_aCO-JMCR _cCO-JMCR |
||
| 041 | 1 |
_aspa _hfr |
|
| 082 | 0 | 4 |
_a658.4032 / _bK325d _223 |
| 100 | 1 |
_akhemakhem, Abdellatif, _eautor _912334 |
|
| 245 | 1 | 0 |
_aLa dynamique du contrôle de gestion / _cAbdellatif khemakhem |
| 250 | _a2e edition | ||
| 260 |
_aParis : _bDunod, _c1976 |
||
| 300 |
_a587 páginas : _bgráficos a blanco y negro ; _c24 cm. |
||
| 505 | 0 | _aLes bases du contrôle de gestion -- Les contraintes du contrôle de gestion -- Les fonctions du contrôleur de gestion : le planning : gestion prévisionnelle et budgets | |
| 546 | _aTexto en francés | ||
| 650 | 2 | 4 |
_aControl de gestión _911355 |
| 650 | 2 | 4 |
_aFunciones controlador de gestión _912335 |
| 650 | 2 | 4 |
_aPlanificación y presupuesto _912336 |
| 942 |
_2ddc _cBK |
||
| 999 |
_c6122 _d6122 |
||